00460nam a2200193Ia 4500008004100000020001800041050001400059100002100073245003000094245002400124260001500148260001600163260000900179300001400188300002700202300001000229440001900239500000800258170918s9999 xx 000 0 und d a9780545215930 bB852 2011 aBridwell, Norman aClifford's day with dad / cby Norman Bridwell. aNew York : bScholastic, c2011 aunpaged : bcolored illustration ; c20cm. vBe big! Share. a290